| Tag |
First Indicator |
Second Indicator |
Subfields |
| LEADER |
00000cas a2200000 4500 |
| 001 |
in00000061262 |
| 005 |
20200904132319.0 |
| 008 |
751101c19719999oncqr p 0 a0eng d |
| 010 |
|
|
|a cn 76308903
|
| 035 |
|
|
|a (OCoLC)on1080282948
|
| 035 |
|
|
|a (OCoLC)1080282948
|
| 035 |
|
|
|9 AAG9190AM
|
| 040 |
|
|
|a NLC
|b eng
|c NLC
|d OCLCO
|d MUL
|d NSD
|d AIP
|d NST
|d IUL
|d U9S
|d ORZ
|d OCLCF
|d DEBBG
|d RDF
|d CUS
|d ZAS
|
| 016 |
|
|
|a (AMICUS)000000089185
|
| 016 |
7 |
|
|a 121260-6
|2 DE-600
|
| 019 |
|
|
|a 1752484
|a 896090525
|a 1000992095
|a 1011867578
|a 1054975243
|
| 022 |
0 |
|
|a 0315-5986
|2 4
|
| 029 |
1 |
|
|a AU@
|b 000001246772
|
| 029 |
1 |
|
|a AU@
|b 000045772926
|
| 029 |
1 |
|
|a AU@
|b 000051840322
|
| 029 |
1 |
|
|a DEBBG
|b BV002589922
|
| 029 |
1 |
|
|a GEBAY
|b 1318384
|
| 029 |
1 |
|
|a NZ1
|b 3198453
|
| 029 |
1 |
|
|a ZWZ
|b 039410293
|
| 029 |
1 |
|
|a NLC
|b 000000089185
|
| 030 |
|
|
|a INFRCL
|
| 035 |
|
|
|a (OCoLC)1080282948
|z (OCoLC)1752484
|z (OCoLC)896090525
|z (OCoLC)1000992095
|z (OCoLC)1011867578
|z (OCoLC)1054975243
|
| 037 |
|
|
|b P.O. Box 2225, Station D.
|
| 041 |
0 |
|
|a eng
|a fre
|
| 042 |
|
|
|a nlc
|a isds/c
|
| 055 |
|
1 |
|a T57.6
|
| 055 |
|
0 |
|a HD20
|b C172
|
| 082 |
0 |
|
|a 001.4/24
|2 19
|
| 084 |
|
|
|a cci1icc
|2 lacc
|
| 090 |
|
|
|a T57.6
|b .I52
|
| 049 |
|
|
|a TXAM
|
| 210 |
0 |
|
|a INFOR, Inf. syst. oper. res.
|
| 222 |
|
0 |
|a INFOR. Information systems and operational research
|
| 245 |
0 |
0 |
|a INFOR.
|
| 246 |
1 |
3 |
|a INFOR
|
| 246 |
3 |
|
|a Information systems and operational research
|
| 246 |
1 |
3 |
|a Journal canadien de recherche opérationelle et d'informatique
|
| 246 |
3 |
|
|a Systèmes d'information et recherche opérationnelle
|
| 264 |
|
1 |
|a Ottawa,
|b INFOR Journal.
|
| 300 |
|
|
|a volumes :
|b illustrations ;
|c 25 cm.
|
| 310 |
|
|
|a Quarterly,
|b 1979-
|
| 321 |
|
|
|a Three times a year,
|b -1978
|
| 336 |
|
|
|a text
|b txt
|2 rdacontent
|
| 337 |
|
|
|a unmediated
|b n
|2 rdamedia
|
| 338 |
|
|
|a volume
|b nc
|2 rdacarrier
|
| 362 |
0 |
|
|a v. 9- Mar. 1971-
|
| 500 |
|
|
|a Organ of the Canadian Operational Research Society and the Canadian Information Processing Society.
|
| 510 |
1 |
|
|a Computer & control abstracts
|x 0036-8113
|b March 1971-
|
| 510 |
1 |
|
|a Electrical & electronics abstracts
|x 0036-8105
|b March 1971-
|
| 510 |
1 |
|
|a Physics abstracts
|x 0036-8091
|b March 1971-
|
| 510 |
2 |
|
|a Engineering index annual (1968)
|x 0360-8557
|
| 510 |
2 |
|
|a Engineering index bioengineering abstracts
|x 0736-6213
|
| 510 |
2 |
|
|a Engineering index energy abstracts
|x 0093-8408
|
| 510 |
2 |
|
|a Engineering index monthly (1984)
|x 0742-1974
|
| 510 |
2 |
|
|a International aerospace abstracts
|x 0020-5842
|
| 510 |
2 |
|
|a Mathematical reviews
|x 0025-5629
|
| 510 |
0 |
|
|a Engineering index monthly
|x 0013-7960
|
| 546 |
|
|
|a Includes some text in French. Abstracts in English and French.
|
| 650 |
|
0 |
|a Information resources management
|x Periodicals.
|
| 650 |
|
0 |
|a Operations research
|x Periodicals.
|
| 650 |
|
7 |
|a Electronic data processing.
|2 fast
|0 (OCoLC)fst00906956
|
| 650 |
|
7 |
|a Operations research.
|2 fast
|0 (OCoLC)fst01046387
|
| 650 |
|
7 |
|a Systems engineering.
|2 fast
|0 (OCoLC)fst01141455
|
| 655 |
|
7 |
|a Periodicals.
|2 fast
|0 (OCoLC)fst01411641
|
| 655 |
|
4 |
|a Electronic journals.
|
| 710 |
2 |
|
|a Canadian Information Processing Society.
|
| 710 |
2 |
|
|a Canadian Operational Research Society.
|
| 780 |
0 |
0 |
|a Canadian Operational Research Society.
|t C O R S journal.
|d Ottawa, Canadian Operational Research Society.
|x 0574-9638
|y JCORAW
|w (OCoLC)2154750
|w (DLC)cn 76300555
|
| 891 |
2 |
0 |
|9 853
|8 1
|a v.
|b no.
|u 4
|v r
|i (year)
|j (month)
|w q
|
| 891 |
4 |
1 |
|9 863
|8 1.1
|a <9>
|b <1>
|i <1971>
|j <03>
|
| 994 |
|
|
|a C0
|b TXA
|
| 949 |
|
|
|a updated
|b h
|c 2019/7/15
|e coplinger
|f 11:58:03 am
|
| 999 |
f |
f |
|s 3cbaba8d-87c1-3ad1-b5c2-184fb418495e
|i 91d762dd-9e28-3e57-84c4-6b768b348eeb
|t 0
|
| 952 |
f |
f |
|p ric
|a Texas A&M University
|b Rellis Campus
|c Joint Library Facility
|d Remote Storage
|t 0
|e T57.6 .I52
|h Library of Congress classification
|i unmediated -- volume
|k v.34:no.2-4
|l 1996:May-Nov.
|m A14841496372
|
| 952 |
f |
f |
|p ric
|a Texas A&M University
|b Rellis Campus
|c Joint Library Facility
|d Remote Storage
|t 0
|e T57.6 .I52
|h Library of Congress classification
|i unmediated -- volume
|k v.26
|l 1988
|m A14811781438
|
| 952 |
f |
f |
|p ric
|a Texas A&M University
|b Rellis Campus
|c Joint Library Facility
|d Remote Storage
|t 0
|e T57.6 .I52
|h Library of Congress classification
|i unmediated -- volume
|k v.53:no.2
|l 2015:May
|m A14851008368
|
| 952 |
f |
f |
|p ric
|a Texas A&M University
|b Rellis Campus
|c Joint Library Facility
|d Remote Storage
|t 0
|e T57.6 .I52
|h Library of Congress classification
|i unmediated -- volume
|k v.18
|l 1980
|m A14825798497
|
| 952 |
f |
f |
|p ric
|a Texas A&M University
|b Rellis Campus
|c Joint Library Facility
|d Remote Storage
|t 0
|e T57.6 .I52
|h Library of Congress classification
|i unmediated -- volume
|k v.50
|l 2012
|m A14842452139
|
| 952 |
f |
f |
|p ric
|a Texas A&M University
|b Rellis Campus
|c Joint Library Facility
|d Remote Storage
|t 0
|e T57.6 .I52
|h Library of Congress classification
|i unmediated -- volume
|k v.52:no.3
|l 2014:Aug.
|m A14851008335
|
| 952 |
f |
f |
|p ric
|a Texas A&M University
|b Rellis Campus
|c Joint Library Facility
|d Remote Storage
|t 0
|e T57.6 .I52
|h Library of Congress classification
|i unmediated -- volume
|k v.10
|l 1972
|m A14819363462
|
| 952 |
f |
f |
|p ric
|a Texas A&M University
|b Rellis Campus
|c Joint Library Facility
|d Remote Storage
|t 0
|e T57.6 .I52
|h Library of Congress classification
|i unmediated -- volume
|k v.32
|l 1994
|m A14819038724
|
| 952 |
f |
f |
|p ric
|a Texas A&M University
|b Rellis Campus
|c Joint Library Facility
|d Remote Storage
|t 0
|e T57.6 .I52
|h Library of Congress classification
|i unmediated -- volume
|k v.29
|l 1991
|m A14815336714
|
| 952 |
f |
f |
|p ric
|a Texas A&M University
|b Rellis Campus
|c Joint Library Facility
|d Remote Storage
|t 0
|e T57.6 .I52
|h Library of Congress classification
|i unmediated -- volume
|k v.43
|l 2005
|m A14835062319
|
| 952 |
f |
f |
|p ric
|a Texas A&M University
|b Rellis Campus
|c Joint Library Facility
|d Remote Storage
|t 0
|e T57.6 .I52
|h Library of Congress classification
|i unmediated -- volume
|k v.30
|l 1992
|m A14817234552
|
| 952 |
f |
f |
|p ric
|a Texas A&M University
|b Rellis Campus
|c Joint Library Facility
|d Remote Storage
|t 0
|e T57.6 .I52
|h Library of Congress classification
|i unmediated -- volume
|k v.53:no.1
|l 2015:Feb.
|m A14851008350
|
| 952 |
f |
f |
|p ric
|a Texas A&M University
|b Rellis Campus
|c Joint Library Facility
|d Remote Storage
|t 0
|e T57.6 .I52
|h Library of Congress classification
|i unmediated -- volume
|k v.37
|l 1999
|m A14826410424
|
| 952 |
f |
f |
|p ric
|a Texas A&M University
|b Rellis Campus
|c Joint Library Facility
|d Remote Storage
|t 0
|e T57.6 .I52
|h Library of Congress classification
|i unmediated -- volume
|k v.39
|l 2001
|m A14829645434
|
| 952 |
f |
f |
|p ric
|a Texas A&M University
|b Rellis Campus
|c Joint Library Facility
|d Remote Storage
|t 0
|e T57.6 .I52
|h Library of Congress classification
|i unmediated -- volume
|k v.31
|l 1993
|m A14818382463
|
| 952 |
f |
f |
|p ric
|a Texas A&M University
|b Rellis Campus
|c Joint Library Facility
|d Remote Storage
|t 0
|e T57.6 .I52
|h Library of Congress classification
|i unmediated -- volume
|k v.51
|l 2013
|m A14850117871
|
| 952 |
f |
f |
|p ric
|a Texas A&M University
|b Rellis Campus
|c Joint Library Facility
|d Remote Storage
|t 0
|e T57.6 .I52
|h Library of Congress classification
|i unmediated -- volume
|k v.14
|l 1976
|m A14825798578
|
| 952 |
f |
f |
|p ric
|a Texas A&M University
|b Rellis Campus
|c Joint Library Facility
|d Remote Storage
|t 0
|e T57.6 .I52
|h Library of Congress classification
|i unmediated -- volume
|k v.20
|l 1982
|m A14820855781
|
| 952 |
f |
f |
|p ric
|a Texas A&M University
|b Rellis Campus
|c Joint Library Facility
|d Remote Storage
|t 0
|e T57.6 .I52
|h Library of Congress classification
|i unmediated -- volume
|k v.47
|l 2009
|m A14841292736
|
| 952 |
f |
f |
|p ric
|a Texas A&M University
|b Rellis Campus
|c Joint Library Facility
|d Remote Storage
|t 0
|e T57.6 .I52
|h Library of Congress classification
|i unmediated -- volume
|k v.13
|l 1975
|m A14816031464
|
| 952 |
f |
f |
|p ric
|a Texas A&M University
|b Rellis Campus
|c Joint Library Facility
|d Remote Storage
|t 0
|e T57.6 .I52
|h Library of Congress classification
|i unmediated -- volume
|k v.21
|l 1983
|m A14825795805
|
| 952 |
f |
f |
|p ric
|a Texas A&M University
|b Rellis Campus
|c Joint Library Facility
|d Remote Storage
|t 0
|e T57.6 .I52
|h Library of Congress classification
|i unmediated -- volume
|k v.24
|l 1986
|m A14825795889
|
| 952 |
f |
f |
|p ric
|a Texas A&M University
|b Rellis Campus
|c Joint Library Facility
|d Remote Storage
|t 0
|e T57.6 .I52
|h Library of Congress classification
|i unmediated -- volume
|k v.41
|l 2003
|m A14833698059
|
| 952 |
f |
f |
|p ric
|a Texas A&M University
|b Rellis Campus
|c Joint Library Facility
|d Remote Storage
|t 0
|e T57.6 .I52
|h Library of Congress classification
|i unmediated -- volume
|k v.28
|l 1990
|m A14814666881
|
| 952 |
f |
f |
|p ric
|a Texas A&M University
|b Rellis Campus
|c Joint Library Facility
|d Remote Storage
|t 0
|e T57.6 .I52
|h Library of Congress classification
|i unmediated -- volume
|k v.17
|l 1979
|m A14825795928
|
| 952 |
f |
f |
|p ric
|a Texas A&M University
|b Rellis Campus
|c Joint Library Facility
|d Remote Storage
|t 0
|e T57.6 .I52
|h Library of Congress classification
|i unmediated -- volume
|k v.48
|l 2010
|m A14841292697
|
| 952 |
f |
f |
|p ric
|a Texas A&M University
|b Rellis Campus
|c Joint Library Facility
|d Remote Storage
|t 0
|e T57.6 .I52
|h Library of Congress classification
|i unmediated -- volume
|k v.33
|l 1995
|m A14820456367
|
| 952 |
f |
f |
|p ric
|a Texas A&M University
|b Rellis Campus
|c Joint Library Facility
|d Remote Storage
|t 0
|e T57.6 .I52
|h Library of Congress classification
|i unmediated -- volume
|k v.35
|l 1997
|m A14823283828
|
| 952 |
f |
f |
|p ric
|a Texas A&M University
|b Rellis Campus
|c Joint Library Facility
|d Remote Storage
|t 0
|e T57.6 .I52
|h Library of Congress classification
|i unmediated -- volume
|k v.46
|l 2008
|m A14839105973
|
| 952 |
f |
f |
|p ric
|a Texas A&M University
|b Rellis Campus
|c Joint Library Facility
|d Remote Storage
|t 0
|e T57.6 .I52
|h Library of Congress classification
|i unmediated -- volume
|k v.52:no.4
|l 2014:Nov.
|m A14851008343
|
| 952 |
f |
f |
|p ric
|a Texas A&M University
|b Rellis Campus
|c Joint Library Facility
|d Remote Storage
|t 0
|e T57.6 .I52
|h Library of Congress classification
|i unmediated -- volume
|k v.52:no.2
|l 2014:May
|m A14851008327
|
| 952 |
f |
f |
|p ric
|a Texas A&M University
|b Rellis Campus
|c Joint Library Facility
|d Remote Storage
|t 0
|e T57.6 .I52
|h Library of Congress classification
|i unmediated -- volume
|k v.9
|l 1971
|m A14825798730
|
| 952 |
f |
f |
|p ric
|a Texas A&M University
|b Rellis Campus
|c Joint Library Facility
|d Remote Storage
|t 0
|e T57.6 .I52
|h Library of Congress classification
|i unmediated -- volume
|k v.11
|l 1973
|m A14825798659
|
| 952 |
f |
f |
|p ric
|a Texas A&M University
|b Rellis Campus
|c Joint Library Facility
|d Remote Storage
|t 0
|e T57.6 .I52
|h Library of Congress classification
|i unmediated -- volume
|k v.12
|l 1974
|m A14825798617
|
| 952 |
f |
f |
|p ric
|a Texas A&M University
|b Rellis Campus
|c Joint Library Facility
|d Remote Storage
|t 0
|e T57.6 .I52
|h Library of Congress classification
|i unmediated -- volume
|k v.23
|l 1985
|m A14825795847
|
| 952 |
f |
f |
|p ric
|a Texas A&M University
|b Rellis Campus
|c Joint Library Facility
|d Remote Storage
|t 0
|e T57.6 .I52
|h Library of Congress classification
|i unmediated -- volume
|k v.25
|l 1987
|m A14811366686
|
| 952 |
f |
f |
|p ric
|a Texas A&M University
|b Rellis Campus
|c Joint Library Facility
|d Remote Storage
|t 0
|e T57.6 .I52
|h Library of Congress classification
|i unmediated -- volume
|k v.36
|l 1998
|m A14824928722
|
| 952 |
f |
f |
|p ric
|a Texas A&M University
|b Rellis Campus
|c Joint Library Facility
|d Remote Storage
|t 0
|e T57.6 .I52
|h Library of Congress classification
|i unmediated -- volume
|k v.15
|l 1977
|m A14825798536
|
| 952 |
f |
f |
|p ric
|a Texas A&M University
|b Rellis Campus
|c Joint Library Facility
|d Remote Storage
|t 0
|e T57.6 .I52
|h Library of Congress classification
|i unmediated -- volume
|k v.19
|l 1981
|m A14825798455
|
| 952 |
f |
f |
|p ric
|a Texas A&M University
|b Rellis Campus
|c Joint Library Facility
|d Remote Storage
|t 0
|e T57.6 .I52
|h Library of Congress classification
|i unmediated -- volume
|k v.42
|l 2004
|m A14832873575
|
| 952 |
f |
f |
|p ric
|a Texas A&M University
|b Rellis Campus
|c Joint Library Facility
|d Remote Storage
|t 0
|e T57.6 .I52
|h Library of Congress classification
|i unmediated -- volume
|k v.44:no.2-4
|l 2006:May-Dec.
|m A14837118661
|
| 952 |
f |
f |
|p ric
|a Texas A&M University
|b Rellis Campus
|c Joint Library Facility
|d Remote Storage
|t 0
|e T57.6 .I52
|h Library of Congress classification
|i unmediated -- volume
|k v.45
|l 2007
|m A14834755294
|
| 952 |
f |
f |
|p ric
|a Texas A&M University
|b Rellis Campus
|c Joint Library Facility
|d Remote Storage
|t 0
|e T57.6 .I52
|h Library of Congress classification
|i unmediated -- volume
|k v.38
|l 2000
|m A14827901680
|
| 952 |
f |
f |
|p ric
|a Texas A&M University
|b Rellis Campus
|c Joint Library Facility
|d Remote Storage
|t 0
|e T57.6 .I52
|h Library of Congress classification
|i unmediated -- volume
|k v.22
|l 1984
|m A14813047212
|
| 952 |
f |
f |
|p ric
|a Texas A&M University
|b Rellis Campus
|c Joint Library Facility
|d Remote Storage
|t 0
|e T57.6 .I52
|h Library of Congress classification
|i unmediated -- volume
|k v.49
|l 2011
|m A14841633411
|
| 952 |
f |
f |
|p ric
|a Texas A&M University
|b Rellis Campus
|c Joint Library Facility
|d Remote Storage
|t 0
|e T57.6 .I52
|h Library of Congress classification
|i unmediated -- volume
|k v.27
|l 1989
|m A14812111628
|
| 952 |
f |
f |
|p ric
|a Texas A&M University
|b Rellis Campus
|c Joint Library Facility
|d Remote Storage
|t 0
|e T57.6 .I52
|h Library of Congress classification
|i unmediated -- volume
|k v.16
|l 1978
|m A14825798691
|
| 952 |
f |
f |
|p ric
|a Texas A&M University
|b Rellis Campus
|c Joint Library Facility
|d Remote Storage
|t 0
|e T57.6 .I52
|h Library of Congress classification
|i unmediated -- volume
|k v.53:no.3
|l 2015:Aug.
|m A14851008376
|
| 952 |
f |
f |
|p ric
|a Texas A&M University
|b Rellis Campus
|c Joint Library Facility
|d Remote Storage
|t 0
|e T57.6 .I52
|h Library of Congress classification
|i unmediated -- volume
|k v.52:no.1
|l 2014:Feb.
|m A14851008319
|
| 952 |
f |
f |
|p ric
|a Texas A&M University
|b Rellis Campus
|c Joint Library Facility
|d Remote Storage
|t 0
|e T57.6 .I52
|h Library of Congress classification
|i unmediated -- volume
|k v.40
|l 2002
|m A14830975753
|
| 998 |
f |
f |
|a T57.6 .I52
|s v.53:no.1-3 (2015:Feb.-Aug.)
|t 0
|l Remote Storage
|